UBT Library

The Analysis of behavior in planning instruction / (Record no. 41562)

000 -LEADER
fixed length control field 00591cam a2200217 i 4500
001 - CONTROL NUMBER
control field 4580998
005 - DATE AND TIME OF LATEST TRANSACTION
control field 20180201093354.0
008 - FIXED-LENGTH DATA ELEMENTS--GENERAL INFORMATION
fixed length control field 760802s1976 maua b 001 0 eng
010 ## - LIBRARY OF CONGRESS CONTROL NUMBER
LC control number 75028722
020 ## - INTERNATIONAL STANDARD BOOK NUMBER
International Standard Book Number 020102912X
040 ## - CATALOGING SOURCE
Original cataloging agency DLC
Transcribing agency DLC
Modifying agency DLC
041 ## - LANGUAGE CODE
Language code of text/sound track or separate title eng
080 ## - UNIVERSAL DECIMAL CLASSIFICATION NUMBER
Universal Decimal Classification number 375.001 HOL
082 00 - DEWEY DECIMAL CLASSIFICATION NUMBER
Classification number 375.001 HOL
100 ## - Rafti
Rafti 47
101 ## - Shkurtesa
Shkurtesa EDU
245 04 - TITLE STATEMENT
Title The Analysis of behavior in planning instruction /
Statement of responsibility, etc James G. Holland ... [et al.].
504 ## - BIBLIOGRAPHY, ETC. NOTE
Bibliography, etc Includes bibliographies and indexes.
906 ## - LOCAL DATA ELEMENT F, LDF (RLIN)
a 7
b cbc
c orignew
d 2
e ocip
f 19
g y-gencatlg
942 ## - ADDED ENTRY ELEMENTS (KOHA)
Source of classification or shelving scheme
Item type Books
Holdings
Withdrawn status Lost status Source of classification or shelving scheme Damaged status Not for loan Collection code Permanent location Current location Shelving location Date acquired Total Checkouts Full call number Barcode Date last seen Price effective from Koha item type
          Koleksioni i përgjithshem UBT - Lipjan UBT - Lipjan Koleksioni i përgjithshem 02/01/2018   375.001 HOL 002-2997628 02/01/2018 02/01/2018 Books
UBT Library © 2015-2024. All rights reserved University Education for Business and Technology